000 00727nam a2200253Ia 4500
003 OSt
005 20220925222249.0
006 a|||||r|||| 00| 0
007 ta
008 220923b |||||||| |||| 00| 0 eng d
020 _cPd 5.00
037 _cGeneral Book
040 _aRTL
_cRTL
_beng
041 _2eng
_aeng
082 _aX:9K5, 914.3.N7, M1
100 _aSmith David J
_9285737
245 0 _aUnemployment and racial monorities
260 _aLondon
_bP S I UK
_c1981
300 _axi, 189
_ccm.
490 _aPolicy Studies Institute Publication, 594.
650 _aPersonnal Management
_9233345
942 _hX:9K5, 914.3.N7, M1
_cGB
_2CC
999 _c576585
_d576585